| 000 | 00939cab a2200277 4500 | ||
|---|---|---|---|
| 001 | WB3319-02 | ||
| 008 | 090401t1997 xxu||||| |||| 00| 0 eng d | ||
| 035 | _a(Sirsi) u78297 | ||
| 041 | _aeng | ||
| 245 | _aConstruction industry set to create 75,000 new jobs | ||
| 260 | _c1997 | ||
| 350 | _a0 | ||
| 490 |
_aRICS Press Release _v(pr46.cons) 9 May 1997, (3) |
||
| 520 | _aOver 75,000 new jobs will be created in the construction industry over the next three years as construction outputs rise, according to the latest RICS Construction Industry Employment Forecast for 1997-1999. | ||
| 650 | _aCONSTRUCTION INDUSTRY | ||
| 650 | _aCONSTRUCTION WORKLOAD | ||
| 650 | _aEMPLOYMENT | ||
| 650 | _aFORECASTS | ||
| 650 | _aHOUSING MARKET | ||
| 650 | _aRECOVERY | ||
| 650 | _aRICS CONSTRUCTION INDUSTRY EMPLOYMENT FORECAST | ||
| 650 | _aRICS ECONOMIC BRIEF | ||
| 690 | _aBUILT ENVIRONMENT | ||
| 942 | _n0 | ||
| 948 | _c13/05/1997 | ||
| 999 |
_c49271 _d49271 |
||